Statistics for Goal Scorers for Belgium at the 2014 FIFA World Cup

Click here to take the quiz!

General Stats

  • This quiz has been taken 171 times
  • The average score is 5 of 6

Answer Stats

# goals Answer % Correct
1Romelu Lukaku
96%
1Kevin De Bruyne
86%
1Marouane Fellaini
81%
1Dries Mertens
81%
1Divock Origi
81%
1Jan Vertonghen
66%

Score Distribution

Percentile by Number Answered

Percent of People with Each Score

Your Score History

You have not taken this quiz